01016pam a2200277 a 450000500170000000800390001702000150005604000290007104100080010004300120010808200140012010000360013424501000017026000580027030000800032850000440040850000260045250000220047850400280050065000470052865000430057565000270061865000280064570000340067374000310070720171109020002.0870414t1987 nyuabdofrb 001 0 eng a0893273139 aDLCcDLCdDLCdCO-BoIAVH0 aeng acl-----00a581bM68c1 aMitchell, John D.d1957-eAutor14aThe cashew and its relatives (Anacardium: Anacardiaceae) /cJohn D. Mitchell and Scott A. Mori. aBronx, N.Y., USA :bNew York Botanical Garden,c1987. a76 páginas :bIlustraciones, mapas, cuadros, fotografías ;c26 x 17 cm. aSpine title: Anacardium: Anacardiaceae. a"Issued 4 June 1987." aIncludes indexes. aBibliography: p. 58-62.00aAnacardiumzLatin AmericavClassification.00aCashewzLatin AmericavClassification.06aAnacardosxTaxonomía06aAnacardosxMorfología1 aMori, Scott A.,d1941-eAutor0 aAnacardium: Anacardiaceae.